Christianity in Ceylon : its introduction and progress under the Portuguese, the Dutch, the British, and American missions with an historical sketch of the Brahmanical and Buddhist superstitions (Record no. 129079)

MARC details
000 -LEADER
fixed length control field 00906nam a2200229Ia 4500
008 - FIXED-LENGTH DATA ELEMENTS--GENERAL INFORMATION
fixed length control field 191130s1998##################000#0#eng##
020 ## - INTERNATIONAL STANDARD BOOK NUMBER
ISBN 8120613309
082 ## - DEWEY DECIMAL CLASSIFICATION NUMBER
Classification number 275.493 EME
100 ## - MAIN ENTRY--AUTHOR NAME
Personal name Tennent, James Emerson
245 ## - TITLE STATEMENT
Title Christianity in Ceylon : its introduction and progress under the Portuguese, the Dutch, the British, and American missions with an historical sketch of the Brahmanical and Buddhist superstitions
Statement of responsibility, etc SIR JAMES EMERSON TENNENT
250 ## - EDITION STATEMENT
Edition statement Reprint
260 ## - PUBLICATION, DISTRIBUTION, ETC. (IMPRINT)
Place of publication New Delhi
Name of publisher Asian Educational Services
Year of publication 1998
300 ## - PHYSICAL DESCRIPTION
Number of Pages xv, 348 p. : ill. ; 23 cm
500 ## - GENERAL NOTE
General note Reprint. Originally published: London : J. Murray, 1850. Includes bibliographical references
650 ## - SUBJECT ADDED ENTRY--TOPICAL TERM
Topical Term Christianity - Sri Lanka
Topical Term Sri Lanka - Church history
991 ## -
-- 456514
Holdings
Withdrawn status Lost status Damaged status Not for loan Home library Current library Shelving location Date acquired Full call number Accession Number Price effective from Koha item type
        Anna Centenary Library Anna Centenary Library 3RD FLOOR, B WING 12.10.2020 275.493 EME 589687 12.10.2020 English Books

Find us on the map